000 01078nam a22001697a 4500
999 _c58976
_d58976
003 Ge_BSU
005 20221026104335.0
008 221026b xxu||||| |||| 00| 0 geo d
041 _ageo
080 _a327(09)(075.8) ჯ-26
245 _aდიპლომატიის ისტორიის ნარკვევები. [ნაწ. 1] :
_b[სახელმძღვანელო უმაღლესი სკოლის "დიპლომატიისა და საერთ. ურთიერთ. ისტორიის" სპეც. სტუდენტებისათვის] /
_cშოთა ჯაფარიძე ; თბილ. პოლიტ. აკად., ბათუმის ინ-ტი.
264 _aბათუმი :
_b ბათუმის უნივერსიტეტი,
_c2002.
300 _a174 გვ.;
_b20 სმ
653 _aდიპლომატიის ისტორია
710 _aთბილ. პოლიტ. აკად., ბათუმის ინ-ტი.
_915545
942 _2udc
_cBK